=LDR 00000nam 2200000 4500 =001 INLIS000000000036266 =005 20221018074938 =035 ##$$a 0010-061300000036266 =008 221018################g##########0#ind## =041 ##$$a Ind =082 ##$$a 028.5 =090 ##$$a 028.5, Kim k =100 ##$$a Kimshin-Joong =245 1#$$a Kisah bijak kitab suci : $b Power bible comic 3 tanah terjanji /$c Kim Shin - Joong =260 ##$$a Jakarta :$b Elex media koputindo,$c 2009 =300 ##$$a 205 hlm : $b Ilus ; $c 24 cm =650 #4$$a Bacaan kanak-kanak =700 #$$a Yong, Sutoyo Soh Jae =850 ##$$a NBPNMAT =020 ##$$a 978-979-27-6116-0 =084 ##$$a 028.5 KIM k =990 ##$$a 0001/BPAP-NTB/2015 =990 ##$$a 0001/BPAP-NTB/2016 =990 ##$$a 0001/BPAP-NTB/2015 =990 ##$$a 0001/BPAP-NTB/2016 =990 ##$$a 0001/BPAP-NTB/2016 =990 ##$$a 0001/BPAP-NTB/2015